FIFA 22 TOTW 1 - Statistics

General Stats
  • This quiz has been taken 53 times
  • The average score is 7 of 23
Answer Stats
Club Position Rating Answer % Correct
Liverpool RW 90 Mohamed Salah
84%
Bayern Munich CDM 90 Joshua Kimmich
74%
Chelsea CB 86 Thiago Silva
74%
Real Madrid LW 83 Vinicius
60%
Sevilla GK 84 Yassine Bounou
58%
Inter Milan ST 85 Edin Dzeko
53%
Watford RM 82 Ismaila Sarr
53%
Brentford ST 84 Ivan Toney
51%
Koln GK 81 Timo Horn
47%
Bayer Leverkusen CAM 82 Florian Wirtz
44%
Porto LM 83 Luis Diaz
28%
Osasuna CB 82 David Garcia
26%
Nantes CAM 81 Ludovic Blas
21%
Feyenoord CM 81 Jens Toornstra
19%
Sampdoria ST 82 Francesco Caputo
14%
Hellas Verona RWB 81 Marco Davide Faraoni
12%
Strasbourg ST 81 Habib Diallo
7%
Atletico San Luis RW 79 German Berterame
5%
Lech Poznan LB 81 Pedro Rebocho
5%
Ostersunds ST 74 Blair Turgott
2%
Sanfrecce Hiroshima ST 78 Douglas Vieira
2%
DC United ST 79 Ola Kamara
2%
Shakhtar Donetsk RB 75 Yukhym Konoplia
2%
No matching quizzes found
Score Distribution
Percent of People with Each Score
Percentile by Number Answered
Your Score History
You have not taken this quiz